• 首页
  • 本馆介绍
  • 公告通知
  • 最新文献
  • 馆藏检索
  • 电子资源
  • 读者导购
  • 参考咨询
  • 我的图书馆
  • 登录
  • 详细信息显示
  • 放入我的书架
  • 预约/预借图书
  • 作者相关作品
  • 分类相关作品
  • 丛书相关作品
  • 出版社相关作品

书目信息

  • 表格格式
  • 工作单格式
  • 卡片格式
题名:
几何原本
    
 
作者: 欧几里得 著 ;燕晓东 译
分册:  
出版信息: 南京   江苏人民出版社  2011.03
页数: 22,13,541页
开本: 25cm
丛书名: 决定经典
单 册:
中图分类: O184
科图分类:
主题词: 欧氏几何
电子资源:
ISBN: 978-7-214-06759-3
000 01154oam2 2200301 450
001 010050010283
005 20170418154752.01
010    @a978-7-214-06759-3@dCNY58.00
100    @a20110503d2011 em y0chiy50 ea
101 1  @achi@cita
102    @aCN@b320000
105    @aa z 000yy
106    @ar
200 1  @a几何原本@9ji he yuan ben@dEuclid's elements@e建立空间秩序最久远最权威的逻辑推演语系@e全译插图本@e13卷图释全本@f(古希腊)欧几里得著@g燕晓东译@zeng
205    @a修订版
210    @a南京@c江苏人民出版社@d2011.03
215    @a22,13,541页@d25cm
225 2  @a决定经典@v001
330    @a全书分为十一卷:几何基础;几何与代数;圆与角;圆与正多边形;比例;相似;数论;无理量;立体几何;立体的测量;建正多面体。
461  0 @12001 @a决定经典@v001
510 1  @aEuclid's elements@zeng
517 1  @a建立空间秩序最久远最权威的逻辑推演语系@9jian li kong jian zhi xu zui jiu yuan zui quan wei de luo ji tui yan yu xi
606 0  @a欧氏几何
690    @aO184@v5
701  0 @c(古希腊)@a欧几里得@9ou ji li de@f(约前330-前275)@4著
702  0 @a燕晓东@9yan xiao dong@4译
801  0 @aCN@bRENTIAN@c20110503
905    @b987581-84@dO184@e8=2@f4
    
    几何原本=Euclid's elements:建立空间秩序最久远最权威的逻辑推演语系:全译插图本:13卷图释全本/(古希腊)欧几里得著/燕晓东译.-修订版.-南京:江苏人民出版社,2011.03
    22,13,541页;25cm.-(决定经典;001)
    
    
    ISBN 978-7-214-06759-3:CNY58.00
    全书分为十一卷:几何基础;几何与代数;圆与角;圆与正多边形;比例;相似;数论;无理量;立体几何;立体的测量;建正多面体。
●
相关链接 在E读中查询图书 在五车中查询图书 在当当中查询图书 在豆瓣中查询图书


正题名:几何原本     索取号:O184/8=2         预约/预借

序号 登录号 条形码 馆藏地/架位号 状态 备注
1 0967261   209672610   第三借阅区/ [索取号:O184/8=2] 在馆    
2 0967262   209672629   第三借阅区/ [索取号:O184/8=2] 在馆    
3 0967263   209672638   第三借阅区/ [索取号:O184/8=2] 在馆    
4 0967264   209672647   第三借阅区/ [索取号:O184/8=2] 在馆    
5 987581   209875811   第二样本阅览室/ [索取号:O184/8=2] 在馆    
6 987582   209875820   第三借阅区/ [索取号:O184/8=2] 在馆    
7 987583   209875839   第三借阅区/ [索取号:O184/8=2] 在馆    
8 987584   209875848   密集书库-数信学院/ [索取号:O184/8=2] 在馆    
唐山师范学院图书馆 欢迎您!
大连网信软件有限公司© 版权所有